Computer aided analysis of single and multispan beams bythe method of consistent deformaion (Record no. 551222)
[ view plain ]
| 000 -LEADER | |
|---|---|
| fixed length control field | 00438nam a22001457a 4500 |
| 082 ## - DEWEY DECIMAL CLASSIFICATION NUMBER | |
| Classification number | P-192 |
| 100 ## - MAIN ENTRY--PERSONAL NAME | |
| Personal name | TC Shahzad Baig |
| 9 (RLIN) | 48216 |
| 245 ## - TITLE STATEMENT | |
| Title | Computer aided analysis of single and multispan beams bythe method of consistent deformaion |
| Statement of responsibility, etc. | TC Shahzad Baig, TC Shabih Hassan |
| 260 ## - PUBLICATION, DISTRIBUTION, ETC. | |
| Place of publication, distribution, etc. | Risalpur |
| Name of publisher, distributor, etc. | MCE |
| 300 ## - PHYSICAL DESCRIPTION | |
| Extent | 45 p: |
| 526 ## - STUDY PROGRAM INFORMATION NOTE | |
| Program name | 0 |
| Interest level | 0 |
| Reading level | 0 |
| Title point value | P_192 |
| 650 ## - SUBJECT ADDED ENTRY--TOPICAL TERM | |
| Topical term or geographic name entry element | Project |
| 700 ## - ADDED ENTRY--PERSONAL NAME | |
| Personal name | Dr Anwar Ul Haq Muneeb |
| 9 (RLIN) | 48041 |
| 942 ## - ADDED ENTRY ELEMENTS (KOHA) | |
| Source of classification or shelving scheme | |
| Koha item type | Book |
| Withdrawn status | Lost status | Source of classification or shelving scheme | Damaged status | Not for loan | Permanent Location | Current Location | Date acquired | Total Checkouts | Full call number | Barcode | Date last seen | Date last checked out | Price effective from | Koha item type | Public note |
|---|---|---|---|---|---|---|---|---|---|---|---|---|---|---|---|
| Military College of Engineering (MCE) | Military College of Engineering (MCE) | 12/04/2014 | 1 | P-192 | MCE-P-192 | 03/26/2015 | 03/26/2015 | 12/04/2014 | Book | Project |
